作曲家・筒美京平 オリコン1位楽曲 - Statistics

General Stats
  • This quiz has been taken 23 times
  • The average score is 10 of 39
Answer Stats
曲名 歌手 % Correct
1971 また逢う日まで 尾崎紀世彦
86%
1981 ギンギラギンにさりげなく 近藤真彦
86%
1985 仮面舞踏会 少年隊
86%
1979 魅せられて ジュディ・オング
71%
1968 ブルー・ライト・ヨコハマ いしだあゆみ
57%
1980 スニーカーぶる~す 近藤真彦
57%
1985 なんてったってアイドル 小泉今日子
57%
2003 AMBITIOUS JAPAN! TOKIO
43%
1979 セクシャルバイオレットNo.1 桑名正博
43%
1973 赤い風船 浅田美代子
29%
1973 わたしの彼は左きき 麻丘めぐみ
29%
1974 よろしく哀愁 郷ひろみ
29%
1974 甘い生活 野口五郎
29%
1975 ロマンス 岩崎宏美
29%
1984 ヤマトナデシコ七変化 小泉今日子
29%
1985 魔女 小泉今日子
29%
1987 君だけに 少年隊
29%
1975 センチメンタル 岩崎宏美
14%
1981 ブルージーンズメモリー 近藤真彦
14%
1982 情熱☆熱風☽せれなーで 近藤真彦
14%
1982 原宿キッス 田原俊彦
14%
1983 ためいきロ・カ・ビ・リー 近藤真彦
14%
1984 一番野郎 近藤真彦
14%
1987 さよならの果実たち 荻野目洋子
14%
1987 ABC 少年隊
14%
1986 ないものねだりのI Want You C-C-B
14%
1999 やめないで,PURE KinKiKids
14%
1987 stripe blue 少年隊
14%
1994 TENCAを取ろう!ー内田の野望ー 内田有紀
14%
1982 ホレたぜ!乾杯 近藤真彦
0%
1983 ミッドナイト・ステーション 近藤真彦
0%
1983 シャワーな気分 田原俊彦
0%
1983 ロイヤル・ストレート・フラッシュ 近藤真彦
0%
1984 迷宮のアンドローラ 小泉今日子
0%
1986 バラードのように眠れ 少年隊
0%
1987 水のルージュ 小泉今日子
0%
1987 泣いてみりゃいいじゃん 近藤真彦
0%
1988 じれったいね 少年隊
0%
1982 ふられてBANZAI 近藤真彦
0%
No matching quizzes found
Score Distribution
Percent of People with Each Score
Percentile by Number Answered
Your Score History
You have not taken this quiz